Praveké a včasnohistorické nálezy z Mane

Bibliographic Details
Main Author: Kuzma, Ivan, 1955-2013 (Author)
Format: Article
Language:Slovak
PhysicalDescription:Mp. a tab. s. 13-20., fotogr. a obr. s. 189-323
ISBN:808870927X
Subjects:

MARC

LEADER 00000nab a2200000 a 4500
001 vtls000652663
003 SK-MaSNL
005 20260304102251.0
008 250426c1996 xo 0 slo
015 |a SNBRB1998/02-04930 
035 |a CLN000004857 
035 |a urn:nbn:sk:snk-abhon 
035 |a (urnnbn)urn:nbn:sk:snk:ar-a04d9a 
035 |a (uuid)f83b94f7-51a6-4678-b5da-bee26cabe570 
040 |a SNKBUCL  |b slo  |c SNKBUCL  |e AACR2 
041 0 |a slo 
044 |a xo  |c SK 
080 |a 903.2(437.6)"63":902  |2 1997 
080 |a 904(437.6):738:902  |2 1997 
080 |a 738(437.6):902  |2 1997 
080 |a 902(437.6)  |2 1997 
100 1 |a Kuzma, Ivan,  |d 1955-2013  |4 aut  |9 8267 
245 1 0 |a Praveké a včasnohistorické nálezy z Mane  |c Ivan Kuzma 
300 |e Mp. a tab. s. 13-20., fotogr. a obr. s. 189-323 
504 |a Res. nem. 
650 0 7 |a artefakty archeologické  |y pravek  |z Maňa (Slovensko)  |2 snkbucl  |9 1398969 
650 0 7 |a keramika  |y stor. 2.  |z Maňa (Slovensko)  |2 snkbucl  |9 1398970 
650 0 7 |a pravek  |z Maňa (Slovensko)  |2 snkbucl  |9 1398971 
651 7 |a Maňa (Slovensko)  |2 snkbucl  |9 87354 
655 7 |a články zo zborníkov  |2 snkbucl  |9 166140 
773 0 |t Archeologické výskumy a nálezy na Slovensku v roku 1994  |d Nitra : Archeologický ústav Slovenskej akadémie vied, 1996  |g S. 114-115  |z 808870927X 
850 |a Slovenská národná knižnica 
852 |a Slovenská národná knižnica 
954 |a odborná, vedecká literatúra pôvodná (slovenská)  |2 lita 
957 |a 404 
958 |a article27 
958 |a SK 
958 |a OND 
958 |a EUIPO 
999 |c 2844513  |d 2846443